000 00275nam a2200121 a 4500
008 130429s1999|||| d
100 1 _aHocman, Gabriel
245 1 0 _aStarnutie
260 _bGg Garmond
_aPartizanské
_c1999
020 _c90
041 _aslo
044 _axo
_cSK
999 _c20244
_d20244